000 00476nam a22001337a 4500
999 _c525549
_d525549
008 240321b ||||| |||| 00| 0 eng d
100 _aVosters, Kelly
_944236
245 _aFuhrer, Jeff. the myth that made US: How false beliefs about racism and meritocracy broke our economy (and how to fix it)
260 _aJournal of Economic Literature
300 _a61(4), Dec, 2023: p.1583-84
773 _aJournal of Economic Literature
906 _aBOOK REVIEW
942 _cAR